[Event "Campeonato del Mundo sub-20 2010"]
[Site "Chotowa POL"]
[Date "2010.08.03"]
[Round "1.41"]
[White "Gator, Mosab"]
[Black "Leniart, Arkadiusz"]
[Result "0-1"]
[WhiteElo "2121"]
[BlackElo "2423"]
[PlyCount "54"]
[EventDate "2010.08.03"]
[EventType "swiss"]
[EventRounds "13"]
[EventCountry "POL"]
[Source "lmi"]
[SourceDate "2010.08.03"]

1. e4 c5 2. Nc3 Nc6 3. f4 e6 4. Nf3 d5 5. Bb5 d4 6. Ne2 Nge7 7. a4 a6 8. Bc4 g6
9. d3 Bg7 10. O-O O-O 11. Kh1 Rb8 12. Ba2 b5 13. g4 Bb7 14. Ng3 Nb4 15. Bb3
Nec6 16. axb5 Na5 17. Rxa5 Qxa5 18. f5 axb5 19. fxe6 Qa6 20. exf7+ Kh8 21. c3
Nxd3 22. Qxd3 c4 23. Qb1 cxb3 24. Nxd4 b4 25. Be3 bxc3 26. bxc3 Qa4 27. Qxb3
Bxe4+ 0-1

[Event "Campeonato del Mundo sub-20 2010"]
[Site "Chotowa POL"]
[Date "2010.08.03"]
[Round "1.46"]
[White "Anwesh, Upadhyaya"]
[Black "Pierard, Florian"]
[Result "1-0"]
[WhiteElo "2412"]
[BlackElo "2081"]
[PlyCount "69"]
[EventDate "2010.08.03"]
[EventType "swiss"]
[EventRounds "13"]
[EventCountry "POL"]
[Source "lmi"]
[SourceDate "2010.08.03"]

1. d4 d5 2. Nf3 Nf6 3. c4 c6 4. e3 e6 5. Nbd2 Nbd7 6. Bd3 Be7 7. O-O O-O 8. e4
dxe4 9. Nxe4 c5 10. dxc5 Nxe4 11. Bxe4 Nxc5 12. Bc2 a5 13. Qe2 Bf6 14. Bf4 Ra6
15. Rad1 Qe7 16. Ne5 g6 17. Qe3 Nd7 18. Nxd7 Bxd7 19. Qd2 Rd8 20. Bc7 Rc8 21.
Bd6 Qe8 22. c5 Bc6 23. Rfe1 Rd8 24. Qc1 Rd7 25. f4 Qd8 26. Bb3 a4 27. Bc4 b5
28. Bf1 Qa5 29. f5 gxf5 30. Re3 Bg7 31. Rg3 Qd8 32. Qh6 f6 33. Be5 Qf8 34. Rxd7
Bxd7 35. Bxf6 1-0

[Event "Campeonato del Mundo sub-20 2010"]
[Site "Chotowa POL"]
[Date "2010.08.03"]
[Round "1.48"]
[White "Hamitevici, Vladimir"]
[Black "Casanova, Fernando Ricardo So"]
[Result "1-0"]
[WhiteElo "2411"]
[BlackElo "2074"]
[PlyCount "89"]
[EventDate "2010.08.03"]
[EventType "swiss"]
[EventRounds "13"]
[EventCountry "POL"]
[Source "lmi"]
[SourceDate "2010.08.03"]

1. d4 Nf6 2. c4 g6 3. g3 Bg7 4. Bg2 O-O 5. Nc3 d6 6. Nf3 Nbd7 7. O-O e5 8. e4
exd4 9. Nxd4 Re8 10. Re1 a6 11. h3 Rb8 12. Bf1 Nc5 13. f3 Nh5 14. Nde2 Be5 15.
Kh2 c6 16. f4 Bg7 17. Bg2 Be6 18. b3 Qc7 19. Be3 Rbd8 20. Qc2 b6 21. g4 Nf6 22.
Bf3 Bc8 23. Ng3 h6 24. Rac1 Ne6 25. Qd2 Kh7 26. Kg2 Bb7 27. h4 c5 28. g5 Nd7
29. Nge2 h5 30. Nd5 Bxd5 31. cxd5 Nef8 32. Ng3 b5 33. Be2 Nb6 34. Bd3 Qb7 35.
Bb1 Nfd7 36. Bf2 Rc8 37. Kh2 Kg8 38. Qd1 c4 39. b4 Na4 40. e5 dxe5 41. f5 Nb2
42. Qd2 Nd3 43. Bxd3 Qxd5 44. fxg6 fxg6 45. Bxc4 1-0

[Event "Campeonato del Mundo sub-20 2010"]
[Site "Chotowa POL"]
[Date "2010.08.03"]
[Round "1.49"]
[White "Lis, Marek"]
[Black "Bajarani, Ulvi"]
[Result "0-1"]
[WhiteElo "2072"]
[BlackElo "2409"]
[PlyCount "88"]
[EventDate "2010.08.03"]
[EventType "swiss"]
[EventRounds "13"]
[EventCountry "POL"]
[Source "lmi"]
[SourceDate "2010.08.03"]

1. e4 c5 2. Nf3 d6 3. d4 cxd4 4. Qxd4 Nc6 5. Bb5 Bd7 6. Bxc6 Bxc6 7. Nc3 e5 8.
Qd3 h6 9. Be3 Nf6 10. O-O-O Be7 11. Nd2 d5 12. exd5 Nxd5 13. Nxd5 Qxd5 14. Qxd5
Bxd5 15. Nf3 Bxf3 16. gxf3 b6 17. Rd5 f6 18. f4 exf4 19. Bxf4 Rd8 20. Rxd8+
Kxd8 21. Rd1+ Kc8 22. Bd6 Bd8 23. Re1 h5 24. c4 h4 25. h3 Rh5 26. f3 Rg5 27.
Kc2 Rg2+ 28. Kc3 f5 29. Be5 g5 30. Kd3 Bc7 31. Bxc7 Kxc7 32. Re5 f4 33. b4 Rf2
34. Rxg5 Rxf3+ 35. Ke4 Rxh3 36. Rg7+ Kc6 37. Rxa7 Rc3 38. b5+ Kc5 39. Kxf4
Rxc4+ 40. Kf3 Kxb5 41. Ra3 Ra4 42. Rb3+ Ka5 43. a3 Rc4 44. Re3 b5 0-1

[Event "Campeonato del Mundo sub-20 2010"]
[Site "Chotowa POL"]
[Date "2010.08.03"]
[Round "1.50"]
[White "Blomqvist, Erik"]
[Black "Larmuseau, Michiel"]
[Result "1-0"]
[WhiteElo "2407"]
[BlackElo "2068"]
[PlyCount "73"]
[EventDate "2010.08.03"]
[EventType "swiss"]
[EventRounds "13"]
[EventCountry "POL"]
[Source "lmi"]
[SourceDate "2010.08.03"]

1. d4 Nf6 2. c4 e6 3. g3 c5 4. Nf3 cxd4 5. Nxd4 d5 6. Bg2 e5 7. Nf3 d4 8. O-O
Nc6 9. e3 dxe3 10. Qxd8+ Kxd8 11. Bxe3 Ke8 12. Nc3 Bd6 13. Rad1 Bb8 14. Rfe1
Nd7 15. Re2 f6 16. Red2 Rf8 17. Bh3 Rf7 18. Be6 Re7 19. Bg8 Nf8 20. Bc5 Rd7 21.
Nd5 h6 22. Nh4 b6 23. Bxf8 Kxf8 24. Be6 Nd4 25. Bxd7 Bxd7 26. Ne3 g5 27. Rxd4
exd4 28. Rxd4 Bc6 29. Nhf5 Be5 30. Rd2 h5 31. Nd4 Be4 32. Ne6+ Kf7 33. f3 Bb1
34. Nd8+ Ke8 35. Rd1 Bxa2 36. Nc6 Bxc4 37. Nxe5 1-0

[Event "Campeonato del Mundo sub-20 2010"]
[Site "Chotowa POL"]
[Date "2010.08.03"]
[Round "1.51"]
[White "Hercules, Benjamin Vincent"]
[Black "Ponizil, Cyril"]
[Result "1-0"]
[WhiteElo "2057"]
[BlackElo "2406"]
[PlyCount "83"]
[EventDate "2010.08.03"]
[EventType "swiss"]
[EventRounds "13"]
[EventCountry "POL"]
[Source "lmi"]
[SourceDate "2010.08.03"]

1. d4 Nf6 2. c4 c5 3. d5 b5 4. cxb5 a6 5. bxa6 g6 6. Nc3 Bxa6 7. g3 Bg7 8. Bg2
d6 9. Rb1 O-O 10. Nf3 Nbd7 11. b3 Qa5 12. Bd2 Bb7 13. O-O Rfb8 14. Qc2 Ne8 15.
Rfd1 Nc7 16. Ne1 Ne5 17. Nd3 Na6 18. Na4 Qd8 19. Nab2 Nc7 20. Nxe5 Bxe5 21. Nc4
Bg7 22. Be1 Nb5 23. e3 Bc8 24. a4 Nc7 25. Na5 Bf5 26. Be4 Bd7 27. Nc6 Bxc6 28.
dxc6 Ra6 29. b4 cxb4 30. Rxb4 Rxb4 31. Bxb4 Qb8 32. Be1 Qa8 33. a5 Be5 34. Rc1
d5 35. Bd3 Ra7 36. Rb1 Qc8 37. Qc5 Qa8 38. Qxe7 Ne6 39. Rb7 Rxb7 40. Qxb7 Qxb7
41. cxb7 Bb8 42. Bb4 1-0

[Event "Campeonato del Mundo sub-20 2010"]
[Site "Chotowa POL"]
[Date "2010.08.03"]
[Round "1.52"]
[White "Fernandez, Daniel Howard"]
[Black "Lewtak, Damian"]
[Result "1-0"]
[WhiteElo "2401"]
[BlackElo "2008"]
[PlyCount "63"]
[EventDate "2010.08.03"]
[EventType "swiss"]
[EventRounds "13"]
[EventCountry "POL"]
[Source "lmi"]
[SourceDate "2010.08.03"]

1. e4 e6 2. d4 d5 3. Nc3 dxe4 4. Nxe4 Bd7 5. Nf3 Bc6 6. Bd3 Nd7 7. O-O Be7 8.
b3 Ngf6 9. Ned2 b6 10. Bb2 O-O 11. Re1 Bb7 12. c4 c5 13. Qc2 cxd4 14. Nxd4 Nc5
15. Bf1 a6 16. Rad1 Qc7 17. b4 Ncd7 18. a3 Rfd8 19. N2f3 Bd6 20. h3 Rac8 21.
Qb3 Ne5 22. Ng5 Re8 23. c5 bxc5 24. Ndxe6 fxe6 25. Nxe6 c4 26. Nxc7 cxb3 27.
Nxe8 Rxe8 28. f4 Ng6 29. Rxe8+ Nxe8 30. f5 Ne5 31. Re1 Nc6 32. Rxe8+ 1-0

[Event "Campeonato del Mundo sub-20 2010"]
[Site "Chotowa POL"]
[Date "2010.08.03"]
[Round "1.54"]
[White "Bobula, Mateusz"]
[Black "Guo-yuthok, Sherab"]
[Result "1-0"]
[WhiteElo "2387"]
[BlackElo "1975"]
[PlyCount "59"]
[EventDate "2010.08.03"]
[EventType "swiss"]
[EventRounds "13"]
[EventCountry "POL"]
[Source "lmi"]
[SourceDate "2010.08.03"]

1. d4 f5 2. g3 Nf6 3. Bg2 g6 4. Nf3 Bg7 5. O-O O-O 6. b3 d6 7. Bb2 Ng4 8. c4
Nd7 9. h3 Nh6 10. e4 e5 11. exf5 gxf5 12. dxe5 dxe5 13. Re1 Nf7 14. Nh4 Qg5 15.
Nd2 c6 16. Ndf3 Qh5 17. Qc2 e4 18. Bxg7 Kxg7 19. g4 fxg4 20. hxg4 Qxg4 21. Rxe4
Qh5 22. Rae1 Nf6 23. Re7 Kg8 24. Qc3 Nd6 25. R1e5 Qh6 26. Rg5+ Kh8 27. Qd4 Nf7
28. Ng6+ Kg8 29. Qxf6 Nxg5 30. Qh8# 1-0

[Event "Campeonato del Mundo sub-20 2010"]
[Site "Chotowa POL"]
[Date "2010.08.03"]
[Round "1.55"]
[White "Kaleta, Blazej"]
[Black "Kanarek, Marcel"]
[Result "0-1"]
[WhiteElo "1944"]
[BlackElo "2387"]
[PlyCount "88"]
[EventDate "2010.08.03"]
[EventType "swiss"]
[EventRounds "13"]
[EventCountry "POL"]
[Source "lmi"]
[SourceDate "2010.08.03"]

1. Nf3 g6 2. c4 Bg7 3. d4 d6 4. Nc3 Nd7 5. b3 e5 6. Bb2 Ngf6 7. e3 O-O 8. Qc2
Re8 9. Rd1 e4 10. Nd2 Qe7 11. Nb5 Nf8 12. c5 d5 13. c6 b6 14. a4 Bf5 15. Ba3
Qd8 16. b4 Ne6 17. Bb2 Ng4 18. Nb3 h5 19. h3 Nf6 20. Nc3 a6 21. Ra1 Bf8 22. b5
axb5 23. axb5 Bb4 24. Rxa8 Qxa8 25. Be2 h4 26. g4 hxg3 27. fxg3 Ng5 28. g4 Nf3+
29. Kf1 Be6 30. Nd2 Bxg4 31. hxg4 Nxg4 32. Nxd5 Nxd2+ 33. Qxd2 Bxd2 34. Bxg4
Qa2 35. Nf6+ Kf8 36. Rh8+ Kg7 37. Rxe8 Kxf6 38. Ke2 Qxb2 39. Rxe4 Qxb5+ 40. Kf2
Be1+ 41. Kg1 Qd5 42. Rf4+ Kg7 43. Be2 b5 44. Rf1 Bd2 0-1

[Event "Campeonato del Mundo sub-20 2010"]
[Site "Chotowa POL"]
[Date "2010.08.03"]
[Round "1.56"]
[White "Andersen, Mads"]
[Black "Gora, Jan"]
[Result "1/2-1/2"]
[WhiteElo "2382"]
[BlackElo "1848"]
[PlyCount "110"]
[EventDate "2010.08.03"]
[EventType "swiss"]
[EventRounds "13"]
[EventCountry "POL"]
[Source "lmi"]
[SourceDate "2010.08.03"]

1. e4 c5 2. Nf3 Nc6 3. d4 cxd4 4. Nxd4 g6 5. c4 Nf6 6. Nc3 d6 7. Nc2 Bg7 8. Be2
Be6 9. O-O O-O 10. Be3 Nd7 11. Qd2 Nde5 12. Na3 Ng4 13. Bxg4 Bxg4 14. Rab1 Qa5
15. Nab5 a6 16. Nd4 Nxd4 17. Bxd4 Bxd4 18. Qxd4 Qc5 19. Qxc5 dxc5 20. Rfc1 Rfd8
21. b4 cxb4 22. Rxb4 b5 23. cxb5 axb5 24. Rxb5 Rac8 25. Rbb1 Be6 26. Kf1 Rd3
27. Ne2 Ra8 28. Nf4 Rd2 29. Nxe6 fxe6 30. Ra1 Raxa2 31. Rxa2 Rxa2 32. g4 Kf7
33. Kg2 g5 34. Kg3 Ra3+ 35. f3 e5 36. Rc5 Kf6 37. Rc6+ e6 38. Rc7 h6 39. Rc1
Rb3 40. Rh1 Kg6 41. h4 Rb8 42. Rc1 gxh4+ 43. Kxh4 Rb3 44. Kg3 Ra3 45. Rh1 Rc3
46. Rh5 Rc5 47. Kh4 Rc3 48. Rxe5 Kf6 49. Rh5 Rxf3 50. Rxh6+ Ke5 51. Kh5 Rh3+
52. Kg6 Rg3 53. g5 Rg4 54. Kf7 Rxg5 55. Rxe6+ Kd4 1/2-1/2

[Event "Campeonato del Mundo sub-20 2010"]
[Site "Chotowa POL"]
[Date "2010.08.03"]
[Round "1.57"]
[White "Bryan-vissi, Mark"]
[Black "Kanmazalp, Ogulcan"]
[Result "0-1"]
[WhiteElo "1847"]
[BlackElo "2381"]
[PlyCount "84"]
[EventDate "2010.08.03"]
[EventType "swiss"]
[EventRounds "13"]
[EventCountry "POL"]
[Source "lmi"]
[SourceDate "2010.08.03"]

1. e4 c5 2. c3 e6 3. d4 d5 4. e5 Qb6 5. a3 Nc6 6. Nf3 c4 7. Be2 Na5 8. Nbd2 Bd7
9. O-O Ne7 10. Nh4 Ng6 11. Nxg6 hxg6 12. Qc2 Be7 13. Rb1 Nb3 14. Nxb3 Ba4 15.
Qd2 Bxb3 16. Ra1 O-O-O 17. f4 Qc6 18. Bf3 Qa4 19. Bd1 Bxd1 20. Qxd1 Qxd1 21.
Rxd1 Kd7 22. b4 cxb3 23. Rb1 Rc8 24. Rxb3 b6 25. Bb2 Rc4 26. Ra1 Ra4 27. Bc1
Kc6 28. Bd2 Kb7 29. Bc1 a6 30. Rab1 b5 31. Rb4 Bxb4 32. Rxb4 Rxb4 33. axb4 Rc8
34. Bd2 a5 35. bxa5 Ka6 36. g3 Kxa5 37. Kf1 Ka4 38. Ke2 Kb3 39. Kd3 Ra8 40. Be1
Ra1 41. Kd2 Rxe1 42. Kxe1 Kxc3 0-1

[Event "Campeonato del Mundo sub-20 2010"]
[Site "Chotowa POL"]
[Date "2010.08.03"]
[Round "1.58"]
[White "Dimitrov, Radoslav"]
[Black "Parol, Pawel"]
[Result "1-0"]
[WhiteElo "2380"]
[BlackElo "1764"]
[PlyCount "59"]
[EventDate "2010.08.03"]
[EventType "swiss"]
[EventRounds "13"]
[EventCountry "POL"]
[Source "lmi"]
[SourceDate "2010.08.03"]

1. Nf3 Nf6 2. g3 g6 3. Bg2 Bg7 4. c4 c5 5. Nc3 O-O 6. d4 cxd4 7. Nxd4 Nc6 8.
Nc2 d6 9. O-O Ng4 10. Qd2 Qa5 11. Nd5 Qc5 12. b3 a5 13. Ba3 Qa7 14. Rad1 Bf5
15. e4 Be6 16. h3 Nge5 17. Kh2 Bxd5 18. exd5 Nb8 19. Rfe1 Bf6 20. f4 Ned7 21.
Ne3 b6 22. Ng4 Na6 23. Re3 Nac5 24. Rde1 Rfe8 25. Bb2 Kf8 26. f5 Bg5 27. h4 Bf6
28. Nxf6 exf6 29. Rxe8+ Rxe8 30. Qh6+ 1-0

[Event "Campeonato del Mundo sub-20 2010"]
[Site "Chotowa POL"]
[Date "2010.08.03"]
[Round "1.59"]
[White "Jasiak, Filip"]
[Black "Dragun, Kamil"]
[Result "0-1"]
[WhiteElo "1757"]
[BlackElo "2379"]
[PlyCount "126"]
[EventDate "2010.08.03"]
[EventType "swiss"]
[EventRounds "13"]
[EventCountry "POL"]
[Source "lmi"]
[SourceDate "2010.08.03"]

1. d4 Nf6 2. c4 g6 3. Nc3 d5 4. Nf3 Bg7 5. Bg5 Ne4 6. cxd5 Nxg5 7. Nxg5 e6 8.
Nf3 exd5 9. e3 O-O 10. Be2 Re8 11. O-O Bf8 12. Rc1 c6 13. Re1 Nd7 14. Bd3 Nf6
15. h3 Bd6 16. Nd2 Bc7 17. f4 Bd7 18. Nf3 Re7 19. Rc2 Kg7 20. Ne5 c5 21. Nxd7
Qxd7 22. dxc5 d4 23. Bb5 Qf5 24. e4 Qxf4 25. Qxd4 Rd8 26. Qe3 Qh2+ 27. Kf2 Nh5
28. Rd1 Bf4 29. Qf3 Bg3+ 30. Ke3 Bf4+ 31. Kf2 Rxd1 32. Qxd1 Qg3+ 33. Kf1 Qe3
34. Ne2 a6 35. Bc4 Qxe4 36. Qd4+ Qxd4 37. Nxd4 Be3 38. Ne2 Rd7 39. g4 Nf6 40.
b4 a5 41. a3 h5 42. gxh5 Nxh5 43. Nc3 axb4 44. axb4 Nf4 45. h4 Rd4 46. Ba2 Rxb4
47. Nd5 Nxd5 48. Bxd5 Rb5 49. c6 bxc6 50. Bxc6 Rb4 51. Rc3 Bd4 52. Rh3 Kh6 53.
Be8 f5 54. h5 g5 55. Ra3 g4 56. Ra6+ Kg5 57. h6 f4 58. h7 f3 59. Ke1 f2+ 60.
Kd2 f1=Q 61. Rg6+ Kf5 62. Rf6+ Bxf6 63. Bg6+ Kg5 0-1

[Event "Campeonato del Mundo sub-20 2010"]
[Site "Chotowa POL"]
[Date "2010.08.04"]
[Round "2.31"]
[White "Martinovic, Sasa"]
[Black "Kriebel, Tadeas"]
[Result "1-0"]
[WhiteElo "2505"]
[BlackElo "2320"]
[PlyCount "77"]
[EventDate "2010.08.03"]
[EventType "swiss"]
[EventRounds "13"]
[EventCountry "POL"]
[Source "lmi"]
[SourceDate "2010.08.03"]

1. d4 Nf6 2. c4 e6 3. Nc3 Bb4 4. e3 O-O 5. Nge2 d5 6. a3 Be7 7. cxd5 exd5 8.
Nf4 c6 9. Bd3 a5 10. O-O Na6 11. Bc2 Bd6 12. f3 Qc7 13. Qd2 Bxf4 14. exf4 Bd7
15. f5 c5 16. g4 h6 17. Qf2 Rfe8 18. Be3 b6 19. Rad1 Qd6 20. Qd2 cxd4 21. Qxd4
Qc5 22. Bf2 Rab8 23. Qxf6 gxf6 24. Bxc5 Nxc5 25. Nxd5 Kg7 26. b4 axb4 27. axb4
Bb5 28. Nc7 Bxf1 29. Nxe8+ Rxe8 30. bxc5 Bb5 31. cxb6 Bc6 32. Be4 Bxe4 33. fxe4
Rxe4 34. Rb1 Re8 35. b7 Rb8 36. Kf2 h5 37. h3 Kh6 38. Rb6 Kg5 39. Kg3 1-0

[Event "Campeonato del Mundo sub-20 2010"]
[Site "Chotowa POL"]
[Date "2010.08.04"]
[Round "2.32"]
[White "Podolsky, Anton"]
[Black "Can, Emre"]
[Result "1/2-1/2"]
[WhiteElo "2190"]
[BlackElo "2477"]
[PlyCount "156"]
[EventDate "2010.08.03"]
[EventType "swiss"]
[EventRounds "13"]
[EventCountry "POL"]
[Source "lmi"]
[SourceDate "2010.08.03"]

1. e4 c5 2. Nf3 Nc6 3. d4 cxd4 4. Nxd4 g6 5. c4 Bg7 6. Be3 Nf6 7. Nc3 O-O 8.
Be2 d6 9. O-O Bd7 10. f3 Nxd4 11. Bxd4 a5 12. Qd2 a4 13. Rac1 Qa5 14. Rfd1 Be6
15. Nd5 Bxd5 16. Qxa5 Rxa5 17. cxd5 a3 18. b3 Raa8 19. Bxf6 Bxf6 20. Rc7 Rab8
21. Bb5 Bg5 22. Rd3 f5 23. g3 fxe4 24. fxe4 Rbc8 25. Rc4 Ra8 26. Kg2 Ra5 27.
Bd7 b5 28. Rc2 Kg7 29. b4 Ra7 30. Bc6 Bf6 31. Rb3 Rb8 32. Rd2 Bb2 33. Rf2 Rc7
34. Rbf3 e6 35. h4 h5 36. Kh3 Rbc8 37. g4 Bd4 38. Rd2 exd5 39. exd5 hxg4+ 40.
Kxg4 Bb2 41. Re2 Rf7 42. Rxf7+ Kxf7 43. Re4 Bc3 44. Rf4+ Kg7 45. Bxb5 Rb8 46.
Bd3 Bxb4 47. h5 gxh5+ 48. Kxh5 Bc5 49. Kg4 Rb2 50. Bc4 Rd2 51. Rf3 Bb4 52. Rd3
Rc2 53. Bb3 Rb2 54. Kf5 Kf7 55. Rh3 Bc5 56. Rh7+ Ke8 57. Ke4 Rd2 58. Rh1 Kd8
59. Rd1 Rh2 60. Kd3 Kc7 61. Rd2 Rh4 62. Rg2 Kb6 63. Rg6 Kb5 64. Re6 Rh3+ 65.
Kc2 Bb4 66. Re8 Rc3+ 67. Kd1 Ba5 68. Rb8+ Bb6 69. Ra8 Bc5 70. Rb8+ Ka6 71. Bc2
Re3 72. Bb3 Bb6 73. Kc2 Kb5 74. Rc8 Re2+ 75. Kd3 Rb2 76. Bc4+ Kb4 77. Rb8 Kc5
78. Rc8+ Kb4 1/2-1/2

[Event "Campeonato del Mundo sub-20 2010"]
[Site "Chotowa POL"]
[Date "2010.08.04"]
[Round "2.34"]
[White "Gora, Jan"]
[Black "Fodor, Tamas Jr"]
[Result "0-1"]
[WhiteElo "1848"]
[BlackElo "2452"]
[PlyCount "86"]
[EventDate "2010.08.03"]
[EventType "swiss"]
[EventRounds "13"]
[EventCountry "POL"]
[Source "lmi"]
[SourceDate "2010.08.03"]

1. e4 e6 2. d4 d5 3. Nc3 Bb4 4. e5 c5 5. Bd2 Ne7 6. Nb5 Bxd2+ 7. Qxd2 O-O 8. f4
b6 9. Nd6 Nbc6 10. c3 f5 11. Nf3 a6 12. Be2 Bd7 13. O-O Qc7 14. Kh1 c4 15. b4
b5 16. a3 Nd8 17. Rfc1 a5 18. Ng1 Nb7 19. Nxb7 Qxb7 20. Bd1 Ra6 21. Bc2 Rfa8
22. Qe1 Qa7 23. Rab1 axb4 24. axb4 Ra2 25. Ne2 Be8 26. h3 Bh5 27. Ng3 Bf7 28.
Ne2 Kh8 29. g4 fxg4 30. hxg4 Bg6 31. Bxg6 Nxg6 32. Qf1 Qe7 33. g5 h6 34. Re1
hxg5 35. f5 Nh4 36. Ng3 Rf8 37. Re2 Rxe2 38. Qxe2 exf5 39. Qh5+ Kg8 40. Rf1 g6
41. Qh6 f4 42. Ne2 f3 43. Ng1 g4 0-1

[Event "Campeonato del Mundo sub-20 2010"]
[Site "Chotowa POL"]
[Date "2010.08.04"]
[Round "2.37"]
[White "Piorun, Kacper"]
[Black "Swiech, Przemyslaw"]
[Result "1-0"]
[WhiteElo "2499"]
[BlackElo "2166"]
[PlyCount "75"]
[EventDate "2010.08.03"]
[EventType "swiss"]
[EventRounds "13"]
[EventCountry "POL"]
[Source "lmi"]
[SourceDate "2010.08.03"]

1. d4 Nf6 2. c4 c5 3. d5 e6 4. Nc3 exd5 5. cxd5 d6 6. Nf3 g6 7. Bf4 Bg7 8. e3
O-O 9. Be2 a6 10. a4 Re8 11. Nd2 Bf5 12. O-O Ne4 13. Ncxe4 Bxe4 14. Nc4 Be5 15.
Bxe5 dxe5 16. Qd2 Bf5 17. b4 cxb4 18. Qxb4 Nd7 19. Nd6 Qe7 20. Qa3 Reb8 21. e4
b5 22. axb5 axb5 23. Qxa8 Rxa8 24. Rxa8+ Nf8 25. Nxf5 gxf5 26. Rfa1 Qb7 27. Re8
Kg7 28. Rxe5 fxe4 29. d6 Qc6 30. Bxb5 Qc2 31. Rd5 Ne6 32. d7 Qb3 33. Be2 Nd8
34. Re5 Qc2 35. Bg4 h5 36. Bxh5 Kf6 37. Re8 Qc5 38. Rxd8 1-0

[Event "Campeonato del Mundo sub-20 2010"]
[Site "Chotowa POL"]
[Date "2010.08.04"]
[Round "2.39"]
[White "Ashwin, Jayaram"]
[Black "Aguirre Manzo, Leopoldo Antonio"]
[Result "1-0"]
[WhiteElo "2454"]
[BlackElo "2203"]
[PlyCount "87"]
[EventDate "2010.08.03"]
[EventType "swiss"]
[EventRounds "13"]
[EventCountry "POL"]
[Source "lmi"]
[SourceDate "2010.08.03"]

1. e4 c5 2. Nf3 d6 3. d4 cxd4 4. Nxd4 Nf6 5. Nc3 a6 6. Be3 e5 7. Nb3 Be6 8. Qd2
Nbd7 9. O-O-O b5 10. f4 Be7 11. Kb1 O-O 12. f5 Bc4 13. g4 Nxg4 14. Rg1 Nxe3 15.
Qxe3 Kh8 16. Nd2 Rc8 17. Bxc4 bxc4 18. Nd5 Rc5 19. Qe2 Nf6 20. Nxe7 Qxe7 21.
Nxc4 Rd8 22. Qg2 g6 23. Ne3 Rg8 24. Qf3 g5 25. h4 gxh4 26. Rxg8+ Kxg8 27. Qh1
Nh5 28. Rg1+ Ng3 29. Nf1 Qg5 30. Nxg3 hxg3 31. Qf3 Kf8 32. Qd3 Qh6 33. b3 Ke7
34. Rxg3 Qh4 35. Rh3 Qe1+ 36. Kb2 Qf2 37. Rxh7 Qd4+ 38. Qxd4 exd4 39. Rh8 Re5
40. Ra8 Rxe4 41. Rxa6 Re5 42. f6+ Kd7 43. b4 Rf5 44. Ra7+ 1-0

[Event "Campeonato del Mundo sub-20 2010"]
[Site "Chotowa POL"]
[Date "2010.08.04"]
[Round "2.40"]
[White "Arnold, Marc Tyler"]
[Black "Pecha, Tomas"]
[Result "1-0"]
[WhiteElo "2432"]
[BlackElo "2187"]
[PlyCount "143"]
[EventDate "2010.08.03"]
[EventType "swiss"]
[EventRounds "13"]
[EventCountry "POL"]
[Source "lmi"]
[SourceDate "2010.08.03"]

1. d4 Nf6 2. Nf3 g6 3. c4 Bg7 4. g3 O-O 5. Bg2 d6 6. O-O Nc6 7. Nc3 a6 8. Re1
Bg4 9. h3 Bxf3 10. Bxf3 Nd7 11. e3 e5 12. d5 Na5 13. Be2 b6 14. e4 Nb7 15. h4
f5 16. Kg2 f4 17. h5 g5 18. Bg4 h6 19. Rb1 Qe7 20. Be6+ Kh8 21. g4 Ndc5 22. Bf5
a5 23. f3 Rfb8 24. b3 Bf6 25. Re2 Qd8 26. Bd2 Kg7 27. Be1 Be7 28. Bf2 Kf8 29.
Qc2 Kf7 30. Nd1 Kf8 31. Nb2 Qe8 32. Qc3 Kg7 33. Rc2 Kf6 34. a3 Ra6 35. b4 Na4
36. Nxa4 axb4 37. axb4 Rxa4 38. Ra1 Rba8 39. Rcc1 Bf8 40. Qb2 Be7 41. Be1 R8a7
42. Bc3 Bf8 43. Rxa4 Rxa4 44. Ra1 Bg7 45. Rxa4 Qxa4 46. Bc8 Qa8 47. Bd7 Ke7 48.
Bc6 Qa6 49. Bb5 Qa7 50. Qa1 Qxa1 51. Bxa1 Kd8 52. Kf2 Kc8 53. Ke2 Kb8 54. Kd3
Nd8 55. Bc6 Kc8 56. Kc2 Kb8 57. Kb3 Ka7 58. Ka4 Ka6 59. Bd7 Bf6 60. Bc8+ Nb7
61. Bc3 Bg7 62. c5 b5+ 63. Kb3 Ka7 64. c6 Nd8 65. Be1 Bf6 66. Bf2+ Kb8 67. Ba6
Nf7 68. Bxb5 Be7 69. Ka4 Bf6 70. Ba6 Nd8 71. Ka5 Be7 72. b5 1-0

[Event "Campeonato del Mundo sub-20 2010"]
[Site "Chotowa POL"]
[Date "2010.08.04"]
[Round "2.42"]
[White "Ponizil, Cyril"]
[Black "Drnovsek, Nejc"]
[Result "1-0"]
[WhiteElo "2406"]
[BlackElo "2173"]
[PlyCount "61"]
[EventDate "2010.08.03"]
[EventType "swiss"]
[EventRounds "13"]
[EventCountry "POL"]
[Source "lmi"]
[SourceDate "2010.08.03"]

1. e4 e5 2. Nf3 Nc6 3. Bb5 a6 4. Ba4 Nf6 5. O-O b5 6. Bb3 Bc5 7. a4 Rb8 8. axb5
axb5 9. Nxe5 Nxe5 10. d4 Bxd4 11. Qxd4 d6 12. f4 Nc6 13. Qc3 Bb7 14. e5 Ne4 15.
Qe3 Ne7 16. e6 f5 17. Nd2 O-O 18. Nxe4 Bxe4 19. Bd2 Rf6 20. Ra7 Bb7 21. Ba5 Qc8
22. Rd1 Ra8 23. Bc3 Rg6 24. g3 Qb8 25. Rxa8 Bxa8 26. Kf2 c5 27. Be5 dxe5 28.
Qxc5 Qc8 29. Qd6 h6 30. Qxe7 Kh7 31. Rd8 1-0

[Event "Campeonato del Mundo sub-20 2010"]
[Site "Chotowa POL"]
[Date "2010.08.04"]
[Round "2.43"]
[White "Lukovic, Vladimir"]
[Black "Narmontas, Matas"]
[Result "1/2-1/2"]
[WhiteElo "2130"]
[BlackElo "2379"]
[PlyCount "83"]
[EventDate "2010.08.03"]
[EventType "swiss"]
[EventRounds "13"]
[EventCountry "POL"]
[Source "lmi"]
[SourceDate "2010.08.03"]

1. e4 c5 2. Nf3 e6 3. d4 cxd4 4. Nxd4 Nc6 5. Nxc6 bxc6 6. Bd3 Nf6 7. O-O d5 8.
Nd2 Be7 9. e5 Nd7 10. Re1 Nc5 11. Nb3 Nxd3 12. cxd3 O-O 13. Be3 f6 14. Bc5 fxe5
15. Bxe7 Qxe7 16. Rxe5 Rxf2 17. Qe1 Rf6 18. Qe3 Bd7 19. Re1 Qf7 20. h3 Rf8 21.
Nc5 Re8 22. d4 Bc8 23. Kh2 h6 24. Re2 Kh8 25. Qg3 Rf1 26. Qe3 Qf6 27. a3 Qh4
28. g3 Qf6 29. Kg2 Rf8 30. Nxe6 Bxe6 31. Rxe6 Qf5 32. Re8 Rxe8 33. Qxe8+ Kh7
34. Qe3 Rd1 35. Rf2 Qb1 36. Rd2 Rc1 37. g4 Re1 38. Re2 Rh1 39. Qf2 Rd1 40. Rc2
Rg1+ 41. Qxg1 Qxc2+ 42. Qf2 1/2-1/2

[Event "Campeonato del Mundo sub-20 2010"]
[Site "Chotowa POL"]
[Date "2010.08.04"]
[Round "2.44"]
[White "Dimitrov, Pavel"]
[Black "Gator, Mosab"]
[Result "1/2-1/2"]
[WhiteElo "2365"]
[BlackElo "2121"]
[PlyCount "166"]
[EventDate "2010.08.03"]
[EventType "swiss"]
[EventRounds "13"]
[EventCountry "POL"]
[Source "lmi"]
[SourceDate "2010.08.03"]

1. e4 c5 2. Nf3 d6 3. d4 cxd4 4. Nxd4 Nf6 5. Nc3 g6 6. g3 Nc6 7. Bg2 Bd7 8. O-O
Bg7 9. Nde2 Qc8 10. Nf4 O-O 11. Ncd5 Re8 12. c3 Nd8 13. Re1 Ne6 14. Nxe6 Bxe6
15. Bg5 Bxd5 16. exd5 h6 17. Be3 Qc4 18. Qb3 b5 19. Rad1 Nd7 20. Bd4 Qxb3 21.
axb3 Bxd4 22. Rxd4 Kf8 23. Bf1 Rab8 24. Ra1 Rb7 25. b4 Rc8 26. Ra5 Ne5 27. Be2
Nc4 28. Bxc4 Rxc4 29. Rxc4 bxc4 30. Kg2 e5 31. dxe6 fxe6 32. Ra6 Ke7 33. f4 g5
34. Kf3 d5 35. f5 exf5 36. Rxh6 Rb6 37. Rh7+ Kf6 38. Rxa7 Re6 39. h4 g4+ 40.
Kf2 Ke5 41. Ke3 Re8 42. h5 Re6 43. b5 Rb6 44. Re7+ Kf6 45. Rd7 Rxb5 46. Kf4 Ke6
47. Ra7 d4 48. cxd4 Rxb2 49. Ra6+ Kd5 50. Kxf5 Kxd4 51. Kxg4 c3 52. Rc6 Rb4 53.
Kf5 Rb5+ 54. Kg6 Rc5 55. Rd6+ Ke4 56. Rd1 c2 57. Rc1 Kf3 58. h6 Rc6+ 59. Kg5
Rc5+ 60. Kh4 Rc4+ 61. Kh5 Rc5+ 62. Kg6 Rc6+ 63. Kg7 Rc7+ 64. Kf6 Rc6+ 65. Kg5
Rc5+ 66. Kg6 Rc6+ 67. Kg7 Rc7+ 68. Kg8 Rc8+ 69. Kf7 Rc7+ 70. Kf6 Rc6+ 71. Kg5
Rc5+ 72. Kh4 Rc4+ 73. g4 Rxg4+ 74. Kh5 Rc4 75. h7 Rc5+ 76. Kh4 Rc8 77. Kg5 Rc5+
78. Kf6 Rc6+ 79. Kg7 Rc7+ 80. Kg8 Rc8+ 81. Kg7 Rc7+ 82. Kh6 Rc6+ 83. Kh5 Rc5+
1/2-1/2